|
|
|
|
| LEADER |
00000nam a2200000 4500 |
| 001 |
book/MPEI80 |
| 005 |
20250826115801.0 |
| 010 |
|
|
|a 978-5-383-00523-1
|
| 100 |
|
|
|a 20141222c2010 u y0rusy50 ca
|
| 101 |
| |
|
|a rus
|
| 102 |
|
|
|a RU
|
| 105 |
|
|
|a ||||||||000yy
|
| 200 |
1 |
|
|a Практикум по эффективным технологиям инженерного менеджмента в инновационной деятельности
|e учебное пособие
|f Зуев Ю.Ю.
|
| 210 |
|
1 |
|a Москва
|c МЭИ
|d 2010
|
| 215 |
|
|
|a 368 c.
|
| 330 |
|
|
|a Представлены задачи, тематика которых охватывает содержание основных проектных этапов создания конкурентоспособной техники и получения эффективных управленческих действий в условиях современного динамично развивающегося рынка: этапа концептуального, структурного и параметрического синтеза инноваций, включая аспекты конструирования и оценки степени совершенства конструкций. Постановка, процесс решения задач и анализ результата базируются на положениях теории продуктивной деятельности - современной методологии получения конкурентоспособных решений, включающей методы решения изобретательских задач.
|
| 610 |
0 |
|
|a Экономика и управление
|
| 700 |
|
1 |
|a Зуев
|b Ю.Ю.
|
| 801 |
|
0 |
|a RU
|b Geotar
|c 20141222
|g RCR
|2 rusmarc
|
| 801 |
|
1 |
|a RU
|b Geotar
|c 20141222
|
| 856 |
4 |
|
|u https://www.studentlibrary.ru/book/MPEI80.html
|